Wardlaw's Contemporary Nutrition (Record no. 52476)

MARC details
000 -LEADER
fixed length control field 00595nam a22002177a 4500
003 - CONTROL NUMBER IDENTIFIER
control field OSt
008 - FIXED-LENGTH DATA ELEMENTS--GENERAL INFORMATION
fixed length control field 260629b |||||||| |||| 00| 0 eng d
020 ## - INTERNATIONAL STANDARD BOOK NUMBER
International Standard Book Number 9789389949766
082 ## - DEWEY DECIMAL CLASSIFICATION NUMBER
Classification number 613.2
Item number S64W
100 ## - MAIN ENTRY--PERSONAL NAME
Personal name Smith, Anne M.
245 ## - TITLE STATEMENT
Title Wardlaw's Contemporary Nutrition
Statement of responsibility, etc. Smith, Anne M.
250 ## - EDITION STATEMENT
Edition statement 5th edition
Remainder of edition statement Indian Edition
260 ## - PUBLICATION, DISTRIBUTION, ETC. (IMPRINT)
Place of publication, distribution, etc Chennai, Tamilnadu, India
Name of publisher, distributor, etc McGraw Hill Eduction
Date of publication, distribution, etc 2018
300 ## - PHYSICAL DESCRIPTION
Extent xxvi., 743p., I-24
650 ## - SUBJECT ADDED ENTRY--TOPICAL TERM
Topical term or geographic name as entry element Human nutrition.
650 ## - SUBJECT ADDED ENTRY--TOPICAL TERM
Topical term or geographic name as entry element Diet
650 ## - SUBJECT ADDED ENTRY--TOPICAL TERM
Topical term or geographic name as entry element Health
650 ## - SUBJECT ADDED ENTRY--TOPICAL TERM
Topical term or geographic name as entry element Nutrition
650 ## - SUBJECT ADDED ENTRY--TOPICAL TERM
Topical term or geographic name as entry element Nutrition $v Textbooks.
942 ## - ADDED ENTRY ELEMENTS (KOHA)
Source of classification or shelving scheme
Koha item type Books
Holdings
Withdrawn status Lost status Source of classification or shelving scheme Damaged status Not for loan Home library Current library Shelving location Date acquired Source of acquisition Currency Cost, normal purchase price Total Checkouts Full call number Barcode Date last seen Bill Date Koha item type Bill Number
          Dr. Rajendra Prasad Central Agricultural University Pusa, Dr. Rajendra Prasad Central Agricultural University Pusa, General Stacks 29/06/2026 TTPP, New Delhi INR 1199.00   613.2 S64W 87748 29/06/2026 29/01/2026 Books IN-00449
Hosted, Implemented, Customized & Maintained by: BestBookBuddies

Powered by Koha